00629nam a22001817a 4500003000200000005001700002008004100019020002200060050002400082100002200106245008700128250001800215260005500233300006100288504005200349650002100401650002500422020240819130628.0240819b xxu||||| |||| 00| 0 eng d a978-1-032-20202-0 aQA 76.9 b.F67 2023 aFoster, Elvis C.  aDatabase systems: ba pragmatic approach cElvis C. Foster with Shripad V. Godbole aThird edition aNew YorkbCRC Press Taylor and Francis Groupc2023 axxv,595 pages :bblack and white illustrations ;c27cm.  aIncludes bibliographical references and index.  aDatabase design. aDatabase management.